[Event "Deutsche Ländermeisterschaft 2024"]
[Site "Tübingen GER"]
[Date "2024.10.05"]
[Round "6"]
[White "Malinowsky, Levi"]
[Black "Müller, Maximilian"]
[Result "1/2-1/2"]
[Termination "normal"]
[Board "4.4"]
[WhiteTitle "CM"]
[WhiteElo "2117"]
[BlackElo "2030"]
[WhiteClock "00:07:24"]
[BlackClock "00:18:03"]
[WhiteTeam "Schleswig-Holstein"]
[BlackTeam "Saarland & Friends"]
[PlyCount "96"]
[WhiteFideId "16253094"]
[BlackFideId "16243552"]
[EventCountry "GER"]
[EventRounds "7"]
[EventType "team-swiss"]
[EventDate "2024.10.02"]

1. e4 {[%clk 01:30:56]} {[%emt 00:00:03]} e5 {[%clk 01:30:30]} {[%emt
00:00:30]} 2. Nf3 {[%clk 01:31:07]} {[%emt 00:00:18]} Nc6 {[%clk 01:30:48]}
{[%emt 00:00:13]} 3. Bb5 {[%clk 01:31:10]} {[%emt 00:00:26]} a6 {[%clk
01:31:13]} {[%emt 00:00:06]} 4. Ba4 {[%clk 01:31:27]} {[%emt 00:00:13]} d6
{[%clk 01:31:37]} {[%emt 00:00:07]} 5. O-O {[%clk 01:31:02]} {[%emt 00:00:54]}
Bd7 {[%clk 01:32:04]} {[%emt 00:00:03]} 6. c3 {[%clk 01:30:51]} {[%emt
00:00:41]} g5 {[%clk 01:27:00]} {[%emt 00:05:34]} 7. d4 {[%clk 01:29:08]}
{[%emt 00:02:13]} g4 {[%clk 01:27:22]} {[%emt 00:00:09]} 8. Ne1 {[%clk
01:28:46]} {[%emt 00:00:52]} h5 {[%clk 01:27:48]} {[%emt 00:00:04]} 9. f4
{[%clk 01:27:20]} {[%emt 00:01:55]} exd4 {[%clk 01:28:12]} {[%emt 00:00:06]}
10. cxd4 {[%clk 01:27:16]} {[%emt 00:00:34]} d5 {[%clk 01:28:38]} {[%emt
00:00:05]} 11. e5 {[%clk 01:19:02]} {[%emt 00:08:43]} Nh6 {[%clk 01:28:54]}
{[%emt 00:00:14]} 12. Nc3 {[%clk 01:13:52]} {[%emt 00:05:41]} Ne7 {[%clk
01:26:31]} {[%emt 00:02:53]} 13. Nd3 {[%clk 01:01:34]} {[%emt 00:12:48]} c6
{[%clk 01:20:58]} {[%emt 00:06:03]} 14. Bc2 {[%clk 00:51:55]} {[%emt 00:10:08]}
Nef5 {[%clk 01:19:21]} {[%emt 00:02:07]} 15. Ne2 {[%clk 00:51:39]} {[%emt
00:00:46]} Rg8 {[%clk 01:10:23]} {[%emt 00:09:29]} 16. Qe1 {[%clk 00:49:16]}
{[%emt 00:02:52]} Be7 {[%clk 01:02:38]} {[%emt 00:08:14]} 17. Bd2 {[%clk
00:46:42]} {[%emt 00:03:04]} g3 {[%clk 00:45:23]} {[%emt 00:17:46]} 18. h3
{[%clk 00:44:20]} {[%emt 00:02:51]} Qc8 {[%clk 00:45:34]} {[%emt 00:00:20]} 19.
Nc5 {[%clk 00:39:58]} {[%emt 00:04:51]} Bxc5 {[%clk 00:44:02]} {[%emt
00:02:02]} 20. dxc5 {[%clk 00:40:21]} {[%emt 00:00:06]} Nh4 {[%clk 00:43:53]}
{[%emt 00:00:40]} 21. e6 {[%clk 00:37:18]} {[%emt 00:03:34]} fxe6 {[%clk
00:37:14]} {[%emt 00:07:09]} 22. Nd4 {[%clk 00:36:44]} {[%emt 00:01:04]} Kf7
{[%clk 00:34:35]} {[%emt 00:03:09]} 23. Qe5 {[%clk 00:30:42]} {[%emt 00:06:30]}
N6f5 {[%clk 00:34:59]} {[%emt 00:00:07]} 24. Bc3 {[%clk 00:27:57]} {[%emt
00:03:15]} Rg6 {[%clk 00:34:38]} {[%emt 00:00:52]} 25. Rae1 {[%clk 00:26:19]}
{[%emt 00:02:08]} Qf8 {[%clk 00:32:11]} {[%emt 00:02:56]} 26. b4 {[%clk
00:22:20]} {[%emt 00:04:29]} a5 {[%clk 00:32:37]} {[%emt 00:00:04]} 27. a3
{[%clk 00:20:35]} {[%emt 00:02:15]} axb4 {[%clk 00:32:43]} {[%emt 00:00:24]}
28. axb4 {[%clk 00:20:59]} {[%emt 00:00:06]} Ra3 {[%clk 00:32:54]} {[%emt
00:00:20]} 29. Nxf5 {[%clk 00:20:38]} {[%emt 00:00:51]} Nxf5 {[%clk 00:33:15]}
{[%emt 00:00:09]} 30. Bxf5 {[%clk 00:20:47]} {[%emt 00:00:21]} exf5 {[%clk
00:33:37]} {[%emt 00:00:08]} 31. Qc7 {[%clk 00:20:53]} {[%emt 00:00:24]} Qc8
{[%clk 00:32:49]} {[%emt 00:01:16]} 32. Qe5 {[%clk 00:20:47]} {[%emt 00:00:36]}
Qf8 {[%clk 00:31:08]} {[%emt 00:02:12]} 33. Rf3 {[%clk 00:19:42]} {[%emt
00:01:36]} Ra2 {[%clk 00:31:04]} {[%emt 00:00:35]} 34. Rxg3 {[%clk 00:17:37]}
{[%emt 00:02:35]} Rxg3 {[%clk 00:30:17]} {[%emt 00:01:16]} 35. Qf6+ {[%clk
00:17:57]} {[%emt 00:00:10]} Kg8 {[%clk 00:30:43]} {[%emt 00:00:05]} 36. Qh8+
{[%clk 00:18:18]} {[%emt 00:00:08]} Kf7 {[%clk 00:31:07]} {[%emt 00:00:06]} 37.
Qxh5+ {[%clk 00:16:54]} {[%emt 00:01:54]} Kg8 {[%clk 00:31:22]} {[%emt
00:00:16]} 38. Qh8+ {[%clk 00:17:17]} {[%emt 00:00:06]} Kf7 {[%clk 00:31:48]}
{[%emt 00:00:04]} 39. Qh7+ {[%clk 00:17:15]} {[%emt 00:00:31]} Qg7 {[%clk
00:30:50]} {[%emt 00:01:29]} 40. Qxg7+ {[%clk 00:13:47]} {[%emt 00:03:58]} Rxg7
{[%clk 00:31:13]} {[%emt 00:00:07]} 41. Bxg7 {[%clk 00:14:12]} {[%emt
00:00:05]} Rc2 {[%clk 00:29:18]} {[%emt 00:02:25]} 42. Be5 {[%clk 00:13:05]}
{[%emt 00:01:38]} Rc4 {[%clk 00:29:34]} {[%emt 00:00:14]} 43. Re3 {[%clk
00:11:40]} {[%emt 00:01:55]} Rxb4 {[%clk 00:26:44]} {[%emt 00:03:21]} 44. Rg3
{[%clk 00:11:35]} {[%emt 00:00:34]} Be8 {[%clk 00:23:13]} {[%emt 00:04:02]} 45.
h4 {[%clk 00:10:53]} {[%emt 00:01:12]} Ke6 {[%clk 00:23:17]} {[%emt 00:00:27]}
46. Re3 {[%clk 00:08:10]} {[%emt 00:03:12]} Bh5 {[%clk 00:18:59]} {[%emt
00:04:48]} 47. Bc3+ {[%clk 00:07:46]} {[%emt 00:00:54]} Re4 {[%clk 00:17:39]}
{[%emt 00:01:51]} 48. Kf2 {[%clk 00:07:24]} {[%emt 00:00:50]} Bg4 {[%clk
00:18:03]} {[%emt 00:00:07]} 1/2-1/2

[Event "Deutsche Ländermeisterschaft 2024"]
[Site "Tübingen GER"]
[Date "2024.10.05"]
[Round "6"]
[White "Mukazhanov, Mansur"]
[Black "Bräutigam, Katerina"]
[Result "0-1"]
[Termination "normal"]
[Board "4.5"]
[BlackTitle "WFM"]
[WhiteElo "1896"]
[BlackElo "2137"]
[WhiteClock "00:34:41"]
[BlackClock "00:29:25"]
[WhiteTeam "Saarland & Friends"]
[BlackTeam "Schleswig-Holstein"]
[PlyCount "92"]
[WhiteFideId "13752324"]
[BlackFideId "16242980"]
[EventCountry "GER"]
[EventRounds "7"]
[EventType "team-swiss"]
[EventDate "2024.10.02"]

1. e4 {[%clk 01:30:57]} {[%emt 00:00:02]} c6 {[%clk 01:30:55]} {[%emt
00:00:06]} 2. d4 {[%clk 01:31:22]} {[%emt 00:00:04]} g6 {[%clk 01:31:17]}
{[%emt 00:00:08]} 3. Bf4 {[%clk 01:28:10]} {[%emt 00:03:42]} Bg7 {[%clk
01:31:09]} {[%emt 00:00:38]} 4. Nf3 {[%clk 01:27:09]} {[%emt 00:01:31]} d5
{[%clk 01:28:47]} {[%emt 00:02:52]} 5. exd5 {[%clk 01:27:26]} {[%emt 00:00:14]}
cxd5 {[%clk 01:28:16]} {[%emt 00:01:00]} 6. h3 {[%clk 01:27:21]} {[%emt
00:00:34]} Qb6 {[%clk 01:25:38]} {[%emt 00:03:08]} 7. Nc3 {[%clk 01:26:47]}
{[%emt 00:01:05]} Nf6 {[%clk 01:23:42]} {[%emt 00:02:26]} 8. Bd3 {[%clk
01:20:57]} {[%emt 00:06:20]} Bf5 {[%clk 01:14:58]} {[%emt 00:09:15]} 9. O-O
{[%clk 01:15:51]} {[%emt 00:05:36]} Nc6 {[%clk 01:13:31]} {[%emt 00:01:57]} 10.
Bxf5 {[%clk 00:52:48]} {[%emt 00:23:33]} gxf5 {[%clk 01:13:50]} {[%emt
00:00:11]} 11. Rb1 {[%clk 00:53:06]} {[%emt 00:00:12]} O-O {[%clk 01:11:09]}
{[%emt 00:03:11]} 12. Ne2 {[%clk 00:51:20]} {[%emt 00:02:15]} Ne4 {[%clk
01:03:06]} {[%emt 00:08:34]} 13. c3 {[%clk 00:50:41]} {[%emt 00:01:09]} Kh8
{[%clk 00:52:59]} {[%emt 00:10:37]} 14. Nh4 {[%clk 00:48:14]} {[%emt 00:02:57]}
e6 {[%clk 00:50:37]} {[%emt 00:02:52]} 15. f3 {[%clk 00:42:26]} {[%emt
00:06:18]} Nf6 {[%clk 00:47:07]} {[%emt 00:03:59]} 16. Kh1 {[%clk 00:38:29]}
{[%emt 00:04:28]} Qd8 {[%clk 00:41:18]} {[%emt 00:06:19]} 17. Bg3 {[%clk
00:36:03]} {[%emt 00:02:57]} Nh5 {[%clk 00:40:00]} {[%emt 00:01:48]} 18. Bf2
{[%clk 00:35:42]} {[%emt 00:00:50]} f4 {[%clk 00:24:34]} {[%emt 00:15:57]} 19.
Qe1 {[%clk 00:27:50]} {[%emt 00:08:22]} Rg8 {[%clk 00:22:54]} {[%emt 00:02:10]}
20. Rg1 {[%clk 00:23:16]} {[%emt 00:05:04]} Qg5 {[%clk 00:12:07]} {[%emt
00:11:17]} 21. g4 {[%clk 00:22:40]} {[%emt 00:01:05]} fxg3 {[%clk 00:11:48]}
{[%emt 00:00:50]} 22. Bxg3 {[%clk 00:22:27]} {[%emt 00:00:44]} Nxg3+ {[%clk
00:11:49]} {[%emt 00:00:28]} 23. Qxg3 {[%clk 00:22:37]} {[%emt 00:00:20]} Qe3
{[%clk 00:11:06]} {[%emt 00:01:12]} 24. Qf4 {[%clk 00:04:48]} {[%emt 00:18:19]}
Qxe2 {[%clk 00:03:50]} {[%emt 00:07:46]} 25. Rbe1 {[%clk 00:01:49]} {[%emt
00:03:29]} Qd3 {[%clk 00:01:57]} {[%emt 00:02:22]} 26. Rd1 {[%clk 00:02:10]}
{[%emt 00:00:10]} Qb5 {[%clk 00:00:45]} {[%emt 00:01:41]} 27. Qxf7 {[%clk
00:02:23]} {[%emt 00:00:18]} Raf8 {[%clk 00:00:46]} {[%emt 00:00:29]} 28. Qh5
{[%clk 00:02:47]} {[%emt 00:00:06]} Ne7 {[%clk 00:00:45]} {[%emt 00:00:30]} 29.
Rde1 {[%clk 00:00:37]} {[%emt 00:02:41]} Rf6 {[%clk 00:00:41]} {[%emt
00:00:34]} 30. Re5 {[%clk 00:00:32]} {[%emt 00:00:35]} Qe8 {[%clk 00:00:33]}
{[%emt 00:00:37]} 31. Qg4 {[%clk 00:00:36]} {[%emt 00:00:27]} Bh6 {[%clk
00:00:39]} {[%emt 00:00:24]} 32. Qh5 {[%clk 00:00:37]} {[%emt 00:00:29]} Rxg1+
{[%clk 00:00:39]} {[%emt 00:00:29]} 33. Kxg1 {[%clk 00:01:02]} {[%emt
00:00:05]} Qxh5 {[%clk 00:00:54]} {[%emt 00:00:15]} 34. Rxh5 {[%clk 00:01:27]}
{[%emt 00:00:05]} Bc1 {[%clk 00:00:38]} {[%emt 00:00:46]} 35. b3 {[%clk
00:01:31]} {[%emt 00:00:27]} Bb2 {[%clk 00:00:45]} {[%emt 00:00:22]} 36. c4
{[%clk 00:01:58]} {[%emt 00:00:03]} Bxd4+ {[%clk 00:01:03]} {[%emt 00:00:12]}
37. Kf1 {[%clk 00:02:27]} {[%emt 00:00:01]} dxc4 {[%clk 00:00:45]} {[%emt
00:00:49]} 38. bxc4 {[%clk 00:02:53]} {[%emt 00:00:04]} Nf5 {[%clk 00:00:50]}
{[%emt 00:00:25]} 39. Nxf5 {[%clk 00:03:07]} {[%emt 00:00:15]} Rxf5 {[%clk
00:01:13]} {[%emt 00:00:07]} 40. Rh4 {[%clk 00:02:58]} {[%emt 00:00:40]} Rxf3+
{[%clk 00:00:56]} {[%emt 00:00:47]} 41. Kg2 {[%clk 00:03:23]} {[%emt 00:00:05]}
Rf2+ {[%clk 00:30:08]} {[%emt 00:01:18]} 42. Kg3 {[%clk 00:33:48]} {[%emt
00:00:06]} Bb6 {[%clk 00:30:16]} {[%emt 00:00:21]} 43. a4 {[%clk 00:33:45]}
{[%emt 00:00:32]} Ra2 {[%clk 00:30:10]} {[%emt 00:00:35]} 44. Kf4 {[%clk
00:34:00]} {[%emt 00:00:16]} Bc7+ {[%clk 00:29:31]} {[%emt 00:01:09]} 45. Ke3
{[%clk 00:34:17]} {[%emt 00:00:12]} Rxa4 {[%clk 00:29:26]} {[%emt 00:00:36]}
46. Kd4 {[%clk 00:34:41]} {[%emt 00:00:07]} b5 {[%clk 00:29:25]} {[%emt
00:00:31]} 0-1

[Event "Deutsche Ländermeisterschaft 2024"]
[Site "Tübingen GER"]
[Date "2024.10.05"]
[Round "6"]
[White "Sickmann, Lisa"]
[Black "Hoffmann, Sophia"]
[Result "1-0"]
[Termination "normal"]
[Board "4.6"]
[WhiteTitle "WFM"]
[WhiteElo "1965"]
[BlackElo "1720"]
[WhiteClock "01:13:46"]
[BlackClock "00:00:39"]
[WhiteTeam "Schleswig-Holstein"]
[BlackTeam "Saarland & Friends"]
[PlyCount "67"]
[WhiteFideId "16267818"]
[BlackFideId "16259130"]
[EventCountry "GER"]
[EventRounds "7"]
[EventType "team-swiss"]
[EventDate "2024.10.02"]

1. e4 {[%clk 01:30:59]} e5 {[%clk 01:30:54]} {[%emt 00:00:06]} 2. Nf3 {[%clk
01:31:16]} {[%emt 00:00:13]} Nc6 {[%clk 01:31:09]} {[%emt 00:00:15]} 3. Bb5
{[%clk 01:31:41]} {[%emt 00:00:05]} a6 {[%clk 01:31:32]} {[%emt 00:00:07]} 4.
Ba4 {[%clk 01:32:08]} {[%emt 00:00:03]} Nf6 {[%clk 01:31:43]} {[%emt 00:00:18]}
5. O-O {[%clk 01:32:30]} {[%emt 00:00:08]} Be7 {[%clk 01:32:01]} {[%emt
00:00:12]} 6. Re1 {[%clk 01:32:55]} {[%emt 00:00:06]} b5 {[%clk 01:32:26]}
{[%emt 00:00:05]} 7. Bb3 {[%clk 01:33:21]} {[%emt 00:00:03]} O-O {[%clk
01:32:34]} {[%emt 00:00:21]} 8. d4 {[%clk 01:33:47]} {[%emt 00:00:05]} d6
{[%clk 01:32:05]} {[%emt 00:00:59]} 9. c3 {[%clk 01:34:13]} {[%emt 00:00:04]}
Bg4 {[%clk 01:26:53]} {[%emt 00:05:41]} 10. Be3 {[%clk 01:34:12]} {[%emt
00:00:30]} Nb8 {[%clk 01:19:23]} {[%emt 00:08:02]} 11. dxe5 {[%clk 01:29:14]}
{[%emt 00:05:28]} Bxf3 {[%clk 01:18:30]} {[%emt 00:01:23]} 12. Qxf3 {[%clk
01:29:37]} {[%emt 00:00:07]} dxe5 {[%clk 01:17:56]} {[%emt 00:01:04]} 13. Nd2
{[%clk 01:29:43]} {[%emt 00:00:23]} Nbd7 {[%clk 01:17:12]} {[%emt 00:01:15]}
14. Nf1 {[%clk 01:29:56]} {[%emt 00:00:17]} Re8 {[%clk 01:14:46]} {[%emt
00:02:57]} 15. Ng3 {[%clk 01:30:01]} {[%emt 00:00:24]} Bf8 {[%clk 01:12:19]}
{[%emt 00:02:57]} 16. Nf5 {[%clk 01:30:07]} {[%emt 00:00:24]} g6 {[%clk
01:01:28]} {[%emt 00:11:20]} 17. Nh6+ {[%clk 01:29:19]} {[%emt 00:01:18]} Bxh6
{[%clk 01:00:38]} {[%emt 00:01:22]} 18. Bxh6 {[%clk 01:29:43]} {[%emt
00:00:06]} Qe7 {[%clk 00:53:31]} {[%emt 00:07:37]} 19. Red1 {[%clk 01:28:22]}
{[%emt 00:01:50]} Rad8 {[%clk 00:52:22]} {[%emt 00:01:39]} 20. Bg5 {[%clk
01:28:34]} {[%emt 00:00:18]} Kg7 {[%clk 00:51:26]} {[%emt 00:01:26]} 21. Bd5
{[%clk 01:27:21]} {[%emt 00:01:44]} h6 {[%clk 00:49:22]} {[%emt 00:02:34]} 22.
Bh4 {[%clk 01:25:43]} {[%emt 00:02:07]} g5 {[%clk 00:47:42]} {[%emt 00:02:10]}
23. Bg3 {[%clk 01:26:04]} {[%emt 00:00:09]} Nxd5 {[%clk 00:43:17]} {[%emt
00:04:56]} 24. Rxd5 {[%clk 01:26:02]} {[%emt 00:00:31]} c6 {[%clk 00:42:41]}
{[%emt 00:01:07]} 25. Rdd1 {[%clk 01:21:47]} {[%emt 00:04:43]} Rh8 {[%clk
00:36:08]} {[%emt 00:07:04]} 26. Qe3 {[%clk 01:21:06]} {[%emt 00:01:11]} c5
{[%clk 00:33:29]} {[%emt 00:03:08]} 27. f3 {[%clk 01:17:21]} {[%emt 00:04:15]}
h5 {[%clk 00:31:43]} {[%emt 00:02:16]} 28. Rd5 {[%clk 01:16:35]} {[%emt
00:01:16]} h4 {[%clk 00:30:17]} {[%emt 00:01:56]} 29. Bf2 {[%clk 01:15:07]}
{[%emt 00:01:57]} c4 {[%clk 00:23:36]} {[%emt 00:07:13]} 30. Qa7 {[%clk
01:14:39]} {[%emt 00:00:58]} Kf8 {[%clk 00:08:45]} {[%emt 00:15:21]} 31. Rad1
{[%clk 01:14:15]} {[%emt 00:00:54]} Ke8 {[%clk 00:07:50]} {[%emt 00:01:25]} 32.
Bb6 {[%clk 01:13:14]} {[%emt 00:01:31]} Rc8 {[%clk 00:00:42]} {[%emt 00:07:39]}
33. Rxd7 {[%clk 01:13:27]} {[%emt 00:00:16]} Qf6 {[%clk 00:00:39]} {[%emt
00:00:33]} 34. Rd8+ {[%clk 01:13:46]} {[%emt 00:00:10]} 1-0

[Event "Deutsche Ländermeisterschaft 2024"]
[Site "Tübingen GER"]
[Date "2024.10.05"]
[Round "6"]
[White "Huppert, Anna"]
[Black "Aguike, Toshiya"]
[Result "0-1"]
[Termination "normal"]
[Board "4.7"]
[WhiteElo "1661"]
[BlackElo "1719"]
[WhiteClock "00:02:21"]
[BlackClock "01:08:25"]
[WhiteTeam "Saarland & Friends"]
[BlackTeam "Schleswig-Holstein"]
[PlyCount "106"]
[WhiteFideId "16214439"]
[BlackFideId "34611347"]
[EventCountry "GER"]
[EventRounds "7"]
[EventType "team-swiss"]
[EventDate "2024.10.02"]

1. e4 {[%clk 01:30:58]} {[%emt 00:00:03]} e5 {[%clk 01:30:50]} {[%emt
00:00:10]} 2. Nf3 {[%clk 01:31:18]} {[%emt 00:00:10]} Nc6 {[%clk 01:31:11]}
{[%emt 00:00:07]} 3. Bc4 {[%clk 01:31:44]} {[%emt 00:00:05]} Nf6 {[%clk
01:31:35]} {[%emt 00:00:07]} 4. d3 {[%clk 01:31:52]} {[%emt 00:00:22]} Bc5
{[%clk 01:31:58]} {[%emt 00:00:06]} 5. c3 {[%clk 01:31:52]} {[%emt 00:00:31]}
a6 {[%clk 01:32:08]} {[%emt 00:00:19]} 6. Bb3 {[%clk 01:32:04]} {[%emt
00:00:17]} d6 {[%clk 01:32:25]} {[%emt 00:00:14]} 7. Nbd2 {[%clk 01:32:06]}
{[%emt 00:00:29]} Ba7 {[%clk 01:32:49]} {[%emt 00:00:05]} 8. Nf1 {[%clk
01:31:43]} {[%emt 00:00:53]} h6 {[%clk 01:31:30]} {[%emt 00:01:50]} 9. Bd2
{[%clk 01:28:38]} {[%emt 00:03:34]} Be6 {[%clk 01:28:53]} {[%emt 00:03:05]} 10.
Ne3 {[%clk 01:24:24]} {[%emt 00:04:46]} Ne7 {[%clk 01:27:59]} {[%emt 00:01:24]}
11. Qc2 {[%clk 01:22:18]} {[%emt 00:02:36]} Ng6 {[%clk 01:27:34]} {[%emt
00:00:55]} 12. Nf5 {[%clk 01:16:18]} {[%emt 00:06:30]} Bxf5 {[%clk 01:26:35]}
{[%emt 00:01:30]} 13. exf5 {[%clk 01:16:30]} {[%emt 00:00:19]} Ne7 {[%clk
01:27:01]} {[%emt 00:00:04]} 14. Be3 {[%clk 01:00:41]} {[%emt 00:16:19]} Bxe3
{[%clk 01:26:43]} {[%emt 00:00:48]} 15. fxe3 {[%clk 01:00:55]} {[%emt
00:00:16]} Nxf5 {[%clk 01:26:24]} {[%emt 00:00:49]} 16. e4 {[%clk 01:00:34]}
{[%emt 00:00:50]} Ne7 {[%clk 01:26:48]} {[%emt 00:00:07]} 17. O-O {[%clk
00:59:22]} {[%emt 00:01:42]} Ng6 {[%clk 01:26:04]} {[%emt 00:01:13]} 18. d4
{[%clk 00:58:10]} {[%emt 00:01:43]} O-O {[%clk 01:24:00]} {[%emt 00:02:33]} 19.
Rad1 {[%clk 00:55:27]} {[%emt 00:03:12]} Qe7 {[%clk 01:22:51]} {[%emt
00:01:39]} 20. Qe2 {[%clk 00:54:04]} {[%emt 00:01:53]} exd4 {[%clk 01:20:42]}
{[%emt 00:02:39]} 21. Rxd4 {[%clk 00:52:12]} {[%emt 00:02:23]} Rae8 {[%clk
01:17:04]} {[%emt 00:04:08]} 22. Nd2 {[%clk 00:47:07]} {[%emt 00:05:35]} c6
{[%clk 01:15:36]} {[%emt 00:01:57]} 23. Qf3 {[%clk 00:35:27]} {[%emt 00:12:09]}
b5 {[%clk 01:13:24]} {[%emt 00:02:43]} 24. Qg3 {[%clk 00:34:23]} {[%emt
00:01:34]} Ne5 {[%clk 01:13:41]} {[%emt 00:00:13]} 25. Nf3 {[%clk 00:33:04]}
{[%emt 00:01:49]} c5 {[%clk 01:13:12]} {[%emt 00:00:59]} 26. Rdd1 {[%clk
00:33:06]} {[%emt 00:00:29]} Nxe4 {[%clk 01:12:36]} {[%emt 00:01:07]} 27. Qf4
{[%clk 00:30:34]} {[%emt 00:03:02]} Nf6 {[%clk 01:12:13]} {[%emt 00:00:53]} 28.
Rfe1 {[%clk 00:28:31]} {[%emt 00:02:31]} Nh5 {[%clk 01:08:38]} {[%emt
00:04:05]} 29. Qf5 {[%clk 00:25:03]} {[%emt 00:03:59]} g6 {[%clk 01:07:56]}
{[%emt 00:01:11]} 30. Qe4 {[%clk 00:22:40]} {[%emt 00:02:53]} c4 {[%clk
01:06:40]} {[%emt 00:01:47]} 31. Bc2 {[%clk 00:21:30]} {[%emt 00:01:39]} Qa7+
{[%clk 01:06:12]} {[%emt 00:00:57]} 32. Qd4 {[%clk 00:18:58]} {[%emt 00:03:03]}
Nxf3+ {[%clk 01:06:28]} {[%emt 00:00:15]} 33. gxf3 {[%clk 00:19:19]} {[%emt
00:00:08]} Qxd4+ {[%emt 00:00:22]} 34. cxd4 {[%clk 00:19:40]} {[%emt 00:00:06]}
d5 {[%clk 01:06:50]} {[%emt 00:00:19]} 35. Kf2 {[%clk 00:18:07]} {[%emt
00:02:03]} Nf4 {[%clk 01:07:02]} {[%emt 00:00:18]} 36. Re3 {[%clk 00:16:47]}
{[%emt 00:01:49]} Rxe3 {[%clk 01:07:17]} {[%emt 00:00:17]} 37. Kxe3 {[%clk
00:17:10]} {[%emt 00:00:07]} g5 {[%clk 01:07:45]} {[%emt 00:00:02]} 38. Kd2
{[%clk 00:15:09]} {[%emt 00:02:31]} Re8 {[%clk 01:07:56]} {[%emt 00:00:19]} 39.
Kc3 {[%clk 00:12:32]} {[%emt 00:03:07]} a5 {[%clk 01:08:21]} {[%emt 00:00:05]}
40. b4 {[%clk 00:08:07]} {[%emt 00:04:55]} Re3+ {[%clk 01:08:34]} {[%emt
00:00:17]} 41. Kd2 {[%clk 00:08:16]} {[%emt 00:00:21]} Re2+ {[%clk 01:08:57]}
{[%emt 00:00:08]} 42. Kc1 {[%clk 00:07:14]} {[%emt 00:01:32]} axb4 {[%clk
01:08:51]} {[%emt 00:00:36]} 43. Rh1 {[%clk 00:07:31]} {[%emt 00:00:13]} Rf2
{[%clk 01:09:00]} {[%emt 00:00:22]} 44. Bd1 {[%clk 00:07:28]} {[%emt 00:00:33]}
Nd3+ {[%clk 01:09:16]} {[%emt 00:00:13]} 45. Kb1 {[%clk 00:07:22]} {[%emt
00:00:36]} Rb2+ {[%emt 00:00:18]} 46. Ka1 {[%clk 00:07:46]} {[%emt 00:00:04]}
b3 {[%clk 01:09:44]} {[%emt 00:00:16]} 47. axb3 {[%clk 00:07:30]} {[%emt
00:00:46]} c3 {[%clk 01:10:07]} {[%emt 00:00:07]} 48. f4 {[%clk 00:06:37]}
{[%emt 00:01:23]} Nf2 {[%clk 01:09:39]} {[%emt 00:00:58]} 49. Rf1 {[%clk
00:05:03]} {[%emt 00:02:04]} c2 {[%clk 01:09:10]} {[%emt 00:00:58]} 50. Bf3
{[%clk 00:05:15]} {[%emt 00:00:18]} Rxb3 {[%clk 01:08:05]} {[%emt 00:01:35]}
51. Bxd5 {[%clk 00:04:47]} {[%emt 00:00:59]} Rc3 {[%clk 01:08:15]} {[%emt
00:00:19]} 52. Kb2 {[%clk 00:04:18]} {[%emt 00:00:59]} b4 {[%clk 01:08:09]}
{[%emt 00:00:36]} 53. Bc4 {[%clk 00:02:21]} {[%emt 00:02:28]} Rxc4 {[%clk
01:08:25]} {[%emt 00:00:15]} 0-1